000 00360nam a22001577a 4500
003 SGT
020 _a9781107649941
082 _a428.2,MUR
100 _aMURPHY, RAYMOND
245 _aENGLISH GRAMMAR IN USE
250 _a4TH
260 _aNEW DELHI
_bCAMBRIDGE UNIVERSITY PRESS
_c2018
300 _a379
650 _aENGLISH GRAMMAR
942 _2ddc
_cBK
_06
999 _c19612
_d19612